书目信息 |
| 书名: | Introduction to differential equations | |
| 作者: | Stephen L. Campbell, Richard Haberman. | |
| 分册号: | ||
| 分册名: | 出版地: | Boston : |
|
| 出版社: | Houghton Mifflin Company | |
| 出版时间: | c1996. | |
| 页数: | xiii, 737 p. : | |
| 开本: | 25 cm. | |
| 丛书名: | ||
| 中图分类号: | ||
| 科图分类号: | ||
| 其他分类号: | O122.3 | |
| 主题词: | ||
| 电子资源: | ||
| 000 | 01071nam a2200301 a 450 | |
| 001 | E0736979141 | |
| 005 | 20070519101728.43 | |
| 008 | 951103s1996 maua 001 0 eng | |
| 010 | @a95076950 | |
| 020 | @a0395708281. | |
| 035 | @A(DLC) 95076950 | |
| 040 | @aDLC@cDLC | |
| 050 | 00 | @aQA371@b.C1918 1996 |
| 082 | 00 | @a515/.35@2 20 |
| 090 | @aO122.3 | |
| 099 | @dO122.3@ex18 | |
| 100 | 1 | @aCampbell, S. L.@q(Stephen La Vern) |
| 245 | 10 | @aIntroduction to differential equations :@bwith boundary value problems / @cStephen L. Campbell, Richard Haberman. |
| 260 | @aBoston :@bHoughton Mifflin Company,@cc1996. | |
| 300 | @axiii, 737 p. :@bill. (some col.) ;@c25 cm. | |
| 500 | @aIncludes index. | |
| 650 | 0 | @aDifferential equations. |
| 650 | 0 | @aBoundary value problems. |
| 700 | 1 | @aHaberman, Richard,@d1945- |
| 906 | @a7@bcbc@corignew@d3@eopcn@f19@gy-gencatlg | |
| 922 | @aad | |
| 955 | @apn09 11-03-95; pb16 02-21-96; jd00 02-22-96; jd20 03-11-96; jd99 03-11-96;; jd85 03-14-96 | |
| 991 | @bc-GenColl@hQA371@i.C1918 1996@p00014271971@tCopy 1@wBOOKS | |
| Introduction to differential equations : : with boundary value problems / / Stephen L. Campbell, Richard Haberman.-Boston : : Houghton Mifflin Company, , c1996. |
| xiii, 737 p. : : ill. (some col.) ; ; 25 cm. |
| Includes index. |
| ISBN 0395708281. |
| ● |
| 相关链接 |
|
|
|
|
正题名:Introduction to differential equations
索取号:O122.3/x18
 
预约/预借
| 序号 | 登录号 | 条形码 | 馆藏地/架位号 | 状态 | 备注 |
| 1 | 10650 | 300106506 | 第二样本阅览室/ [索取号:O122.3/x18] | 在馆 | |
| 2 | 10651 | 300106515 | 第四借阅区/ [索取号:O122.3/x18] | 在馆 |